Histoire de la guerre de l'Espagne avec le Maroc / (Record no. 31370)

MARC details
000 -LEADER
campo de control de longitud fija 00589nam a2200181 i 4500
001 - NÚMERO DE CONTROL
campo de control 31370
003 - IDENTIFICADOR DE NÚMERO DE CONTROL
campo de control ES-MaACL
005 - FECHA Y HORA DE LA ÚLTIMA TRANSACCIÓN
campo de control 20230906154352.0
007 - CAMPO FIJO DE DESCRIPCIÓN FÍSICA--INFORMACIÓN GENERAL
campo de control de longitud fija t|
008 - DATOS DE LONGITUD FIJA--INFORMACIÓN GENERAL
campo de control de longitud fija 030129s1860 fr ||||1| fre d
100 1# - ENTRADA PRINCIPAL--NOMBRE DE PERSONA
Nombre de persona Baudoz, A.
9 (RLIN) 26533
245 10 - MENCIÓN DEL TÍTULO
Título Histoire de la guerre de l'Espagne avec le Maroc /
Mención de responsabilidad, etc. publiée sous la direction de MM. A. Baudoz et I. Osiris.
260 ## - PUBLICACIÓN, DISTRIBUCIÓN, ETC.
Lugar de publicación, distribución, etc. París :
Nombre del editor, distribuidor, etc. Lebigre-Duquesne frères,
Fecha de publicación, distribución, etc. 1860.
300 ## - DESCRIPCIÓN FÍSICA
Extensión LXVI, 348 p. :
Otras características físicas il. ;
Dimensiones 23 cm.
650 04 - PUNTO DE ACCESO ADICIONAL DE MATERIA--TÉRMINO DE MATERIA
Término de materia o nombre geográfico como elemento de entrada Guerra hispano-marroquí, 1859-1860.
9 (RLIN) 13209
700 1# - ENTRADA AGREGADA--NOMBRE PERSONAL
Nombre de persona Osiris, I.
9 (RLIN) 160089
852 ## - LOCALIZACIÓN
Ubicación ES-MaACL
Número de control de estantería G-7796
Holdings
Estatus retirado Estado de pérdida Estado de daño No para préstamo Colección Biblioteca de origen Biblioteca actual Ubicación en estantería Fecha de adquisición Fuente de adquisición Total de préstamos Signatura topográfica completa Código de barras Visto por última vez Precio de reemplazo Tipo de ítem Koha
        Libros del s. XIX Biblioteca del Ateneo de Madrid Biblioteca del Ateneo de Madrid Sala Pecera Planta 3 17/01/2008     G-7796 1032418 23/02/2023 23/02/2023 Libro impreso antiguo